ARRUPE JESUIT UNIVERSITY

CORONAVIRUS -STOP THE SPREAD - CLEAN,DISINFECT,COVER

White men's God : (Record no. 127900)

MARC details
000 -LEADER
fixed length control field 01711cam a2200313 a 4500
001 - CONTROL NUMBER
control field 15336166
003 - CONTROL NUMBER IDENTIFIER
control field ARRUPE
005 - DATE AND TIME OF LATEST TRANSACTION
control field 20180411120311.0
008 - FIXED-LENGTH DATA ELEMENTS--GENERAL INFORMATION
fixed length control field 080619s2008 enkabh b 001 0 eng
010 ## - LIBRARY OF CONGRESS CONTROL NUMBER
LC control number 2008027474
015 ## - NATIONAL BIBLIOGRAPHY NUMBER
National bibliography number GBA880703
Source bnb
016 7# - NATIONAL BIBLIOGRAPHIC AGENCY CONTROL NUMBER
Record control number 014652384
Source Uk
020 ## - INTERNATIONAL STANDARD BOOK NUMBER
International Standard Book Number 9781846450327 (alk. paper)
020 ## - INTERNATIONAL STANDARD BOOK NUMBER
International Standard Book Number 1846450322 (alk. paper)
035 ## - SYSTEM CONTROL NUMBER
System control number (OCoLC)ocn181602585
040 ## - CATALOGING SOURCE
Original cataloging agency DLC
Transcribing agency DLC
Modifying agency YDX
-- UKM
-- BTCTA
-- YDXCP
-- BAKER
-- BWK
-- BWX
-- WIQ
-- KAT
-- DLC
043 ## - GEOGRAPHIC AREA CODE
Geographic area code f------
050 00 - LIBRARY OF CONGRESS CALL NUMBER
Classification number BV3500
Item number .B24 2008
082 00 - DEWEY DECIMAL CLASSIFICATION NUMBER
Classification number 266.0096
Edition number 22
300 ## - PHYSICAL DESCRIPTION
Other physical details ill., 1 facsim., maps ;
Dimensions 24 cm.
100 1# - MAIN ENTRY--PERSONAL NAME
Personal name Ballard, Martin.
9 (RLIN) 41429
245 10 - TITLE STATEMENT
Title White men's God :
Remainder of title the extraordinary story of missionaries in Africa /
Statement of responsibility, etc Martin Ballard.
260 ## - PUBLICATION, DISTRIBUTION, ETC. (IMPRINT)
Place of publication, distribution, etc Oxford, England ;
Name of publisher, distributor, etc Greenwood World Pub.,
Date of publication, distribution, etc 2008.
300 ## - PHYSICAL DESCRIPTION
Extent xiii, 318 p. :
504 ## - BIBLIOGRAPHY, ETC. NOTE
Bibliography, etc Includes bibliographical references and index.
505 0# - FORMATTED CONTENTS NOTE
Formatted contents note White men's God -- The foundation of happiness -- Knowing one's place as a Negro -- A crucifix and a breviary -- Stolen country -- The cheapest and best military posts -- The rewards of great sanctity -- Pitching tents in the interior -- Losing it or ruling it -- If this is civilisation, what is barbarism? -- Black men's God -- Keep the flag flying -- The path in the thicket.
650 #0 - SUBJECT ADDED ENTRY--TOPICAL TERM
Topical term or geographic name as entry element Missions
Geographic subdivision Africa
General subdivision History.
9 (RLIN) 17449
856 41 - ELECTRONIC LOCATION AND ACCESS
Materials specified Table of contents only
Uniform Resource Identifier <a href="http://www.loc.gov/catdir/toc/ecip0822/2008027474.html">http://www.loc.gov/catdir/toc/ecip0822/2008027474.html</a>
906 ## - LOCAL DATA ELEMENT F, LDF (RLIN)
a 7
b cbc
c orignew
d 1
e ecip
f 20
g y-gencatlg
942 ## - ADDED ENTRY ELEMENTS (KOHA)
Source of classification or shelving scheme Library of Congress Classification
Koha item type Monograph ( Printed materials)
Holdings
Withdrawn status Lost status Source of classification or shelving scheme Damaged status Not for loan Collection code Home library Current library Shelving location Date acquired Total Checkouts Full call number Barcode Date last seen Price effective from Koha item type
    Library of Congress Classification     Main Collection ARRUPE LIBRARY ARRUPE LIBRARY Main Collection 11/04/2018   BV3500 .B24 2008 46600001752 11/04/2018 11/04/2018 Monograph ( Printed materials)

 

Arrupe Library. PO Box MP320 Mt Pleasant, Harare, Zimbabwe
263 242 745411|librarian@aju.ac.zw